00978 a2200181 4500003000500000005001700005040000900022082001500031100002600046245003400072260003000106300001000136505047900146650001600625942001200641999001900653952012400672Nust20230529111519.0 cNust a808.83,HUX aHuxley, Aldous946011 aThe Olive TreecAldous Huxley aLondonbChatto And Windus a295;p aT.H Huxley as a literary man (Page-46), words and behavior (Page-82), Modern fetishism (Page-101), Literature and examination (Page-108), English snobbery (Page-117), Time and the machine (Page-122), New fashioned christms (Page-125), Historical generalizations (Page-129), Crebillon the younger (Page-135), Justification (Page-150), D.H Lawrence (Page-199), R.R haydon (Page-239), Waterworks and kings (Page-262), In a Tunisian oasis (Page-266), The olive tree (Page-287).  aNovel92525 2ddccBK c186908d186908 00102ddc4070aMCSbMCScGENd2016-12-12o808.83,HUXpMCS29879r2016-12-08w2016-12-12yBKzAlmirah No.56, Shelf No.6